Электронные свойства полуметаллов и полупроводников

التفاصيل البيبلوغرافية
مؤلف مشترك: Академия наук Молдавской ССР (АН МССР) Институт прикладной физики
مؤلفون آخرون: Радуцан С. И. (редактор)
اللغة:الروسية
منشور في: Кишинев, Штиинца, 1987
الموضوعات:
التنسيق: كتاب
KOHA link:https://koha.lib.tpu.ru/cgi-bin/koha/opac-detail.pl?biblionumber=257167

MARC

LEADER 00000nam0a2200000 4500
001 257167
005 20231101233158.0
035 |a (RuTPU)RU\TPU\book\279941 
090 |a 257167 
100 |a 20140414d1987 k y0rusy50 ca 
101 0 |a rus 
102 |a MD 
105 |a a z 001zy 
200 1 |a Электронные свойства полуметаллов и полупроводников  |f Академия наук Молдавской ССР (АН МССР), Институт прикладной физики ; под ред. С. И. Радуцана 
210 |a Кишинев  |c Штиинца  |d 1987 
215 |a 148 с.  |c ил. 
320 |a Библиогр. в конце ст. 
606 1 |a Полупроводники  |x Электронная структура  |2 stltpush  |3 (RuTPU)RU\TPU\subj\50638  |9 69290 
610 1 |a электронные свойства 
610 1 |a полуметаллы 
610 1 |a магнитные поля 
610 1 |a твердые растворы 
675 |a 537.311.322:530.145  |v 3 
702 1 |a Радуцан  |b С. И.  |4 340 
712 0 2 |a Академия наук Молдавской ССР (АН МССР)  |b Институт прикладной физики  |c (Кишинев)  |2 stltpush  |3 (RuTPU)RU\TPU\col\11347 
801 1 |a RU  |b 63413507  |c 20140414 
801 2 |a RU  |b 63413507  |c 20141220  |g RCR 
942 |c BK